Housing association property valuations: a report to the NFHA`s Valuations Working Party. (Record no. 86708)

MARC details
000 -LEADER
fixed length control field 00890cam a2200229 4500
008 - FIXED-LENGTH DATA ELEMENTS--GENERAL INFORMATION
fixed length control field 090401t1992 xxu||||| |||| 00| 0 eng d
020 ## - INTERNATIONAL STANDARD BOOK NUMBER
International Standard Book Number 0862972213
035 ## - SYSTEM CONTROL NUMBER
System control number (Sirsi) u10152
041 ## - LANGUAGE CODE
Language code of text/sound track or separate title eng
050 ## - LIBRARY OF CONGRESS CALL NUMBER
Classification number 333.332
110 ## - MAIN ENTRY--CORPORATE NAME
Corporate name or jurisdiction name as entry element National Federation of Housing Associations
9 (RLIN) 959
245 ## - TITLE STATEMENT
Title Housing association property valuations: a report to the NFHA`s Valuations Working Party.
260 ## - PUBLICATION, DISTRIBUTION, ETC.
Place of publication, distribution, etc. London
Name of publisher, distributor, etc. National Federation of Housing Associati
Date of publication, distribution, etc. 1992
300 ## - PHYSICAL DESCRIPTION
Extent vi,26p. ; 30cm.
350 ## - PRICE (NR) (BK AM CF MU VM SE) [OBSOLETE]
Price 25.5
520 ## - SUMMARY, ETC.
Summary, etc. The Valuations Working Party was set up in November 1991 to develop economic housing association property valuation proposals which are acceptable to the accountancy profession and the RICS for balance sheet purposes.
650 ## - SUBJECT ADDED ENTRY--TOPICAL TERM
Topical term or geographic name entry element HOUSING ASSOCIATIONS
650 ## - SUBJECT ADDED ENTRY--TOPICAL TERM
Topical term or geographic name entry element Valuation
9 (RLIN) 6273
690 ## - LOCAL SUBJECT ADDED ENTRY--TOPICAL TERM (OCLC, RLIN)
Topical term or geographic name as entry element RATING AND VALUATION
942 ## - ADDED ENTRY ELEMENTS (KOHA)
Suppress in OPAC 0
948 ## - LOCAL PROCESSING INFORMATION (OCLC); SERIES PART DESIGNATOR (RLIN)
c (OCLC) 04/03/1997
Holdings
Withdrawn status Lost status Source of classification or shelving scheme Damaged status Not for loan Home library Current library Shelving location Date acquired Cost, normal purchase price Total Checkouts Full call number Barcode Date last seen Date last checked out Copy number Cost, replacement price Price effective from Koha item type
    Dewey Decimal Classification     London London Basement 23/06/1992 25.50 1 BASEMENT 30033646 06/08/2019 06/09/2000 1 25.50 06/08/2019 Book